00760nam a22002177a 450000500170000001000150001702000260003203500130005803700130007108200110008410000260009524500700012126000350019127000450022630000220027150000500029365000210034394200250036499900170038995201360040620100813123551.0 aENG-100052 a9788178223377c425.00 aEN-83584 bDBAD/PUB a180.49 aDavidson, John913328 a The secret of the creative vacuum :bman and the energy dance / aNew DelhibNew Age Booksc2009 aA-44 Naraina Phase -1bNew Delhie110028 a426p.c21cm (pbk) aIncludes bibliographical references and index aMysticism913329 2ddccENh181.49mDAV c41621d41621 001040718NFICaDBADbDBADd2010-08-13eDBAD/PUBg425.00l0o181.49 DAVpEN-83584r2010-08-13 00:00:00t1v425.00w2010-08-13yEN